Länder auf der FBI Most Wanted Terrorists-Liste - Statistiken

Allgemein
  • Dieses Quiz wurde 155 mal gespielt
  • Das Durchschnittsergebnis liegt bei 6 aus 15
Antwortstatistiken
Anzahl Land % Korrekt
5 Vereinigte Staaten
83%
6 Saudi-Arabien
69%
2 Pakistan
64%
7 Ägypten
60%
3 Jemen
55%
1 Frankreich
54%
7 Israel
50%
1 Libyen
49%
1 Jordanien
47%
5 Libanon
46%
1 Somalia
35%
2 Kenia
15%
4 Philippinen
12%
1 Tansania
9%
1 Komoren
2%
Keine übereinstimmenden Quizze gefunden
Verteilung der Resultate
Anzahl Personen mit jedem Resultat
Perzentil nach korrekt beantworteten Fragen
Ihre Resultats-Entwicklung
Sie haben dieses Quiz noch nicht gespielt